Možnosti znižovania inovačných bariér v malých a stredných podnikoch

Definícia najčastejších prekážok inovácie v malých a stredných podnikoch na Slovensku. Návrh niektorých možnosti odstránenia alebo zníženia inovačných bariér.

Salvato in:
Dettagli Bibliografici
Autore principale: Jančovičová, Monika, 1991-
Natura: Capitolo di libro
Lingua:slovacco
Soggetti:
Tags: Aggiungi Tag
Nessun Tag, puoi essere il primo ad aggiungerne!!

MARC

LEADER 00000nla a2200000 4500
001 0237819
005 20240524071545.5
041 0 |a slo 
044 |a SK 
245 1 0 |a Možnosti znižovania inovačných bariér v malých a stredných podnikoch  |c Monika Jančovičová 
520 |a Definícia najčastejších prekážok inovácie v malých a stredných podnikoch na Slovensku. Návrh niektorých možnosti odstránenia alebo zníženia inovačných bariér. 
610 2 0 |a bariéry inovačné 
610 2 0 |a podnik malý 
610 2 0 |a podnik stredný 
610 2 0 |a Slovensko 
100 1 |a Jančovičová, Monika, 1991-